[Event "Tournoi Skype 031A"]
[Site "Skype"]
[Date "????.??.??"]
[Round "1.34"]
[White "Alarcon Alarcon, Florentina"]
[Black "Bendre, Pankaj"]
[Result "1-0"]
[WhiteElo "1397"]
[BlackElo "1182"]
[PlyCount "29"]

1. e4 c6 2. d4 d5 3. e5 Bf5 4. Be2 e6 5. Nf3 a6 6. O-O c5 7. c3 Nd7 8. a3 Ne7
9. b4 Nc6 10. bxc5 Be7 11. Nbd2 O-O 12. Nb3 Bg6 13. Bd3 f5 14. c4 Nb6 15. cxb6
1-0

[Event "Tournoi Skype 031A"]
[Site "Skype"]
[Date "????.??.??"]
[Round "1.35"]
[White "Khunte, Aniruddha"]
[Black "Sequeda Pimiento, Javier Ricardo"]
[Result "1-0"]
[WhiteElo "1174"]
[BlackElo "1395"]
[PlyCount "108"]

1. e4 e5 2. Nf3 Nc6 3. Bb5 Nf6 4. O-O Be7 5. Re1 d6 6. d4 O-O 7. dxe5 dxe5 8.
Nc3 Qxd1 9. Rxd1 Bg4 10. Be2 Rad8 11. Bg5 Nd4 12. Nxd4 exd4 13. Bxg4 dxc3 14.
bxc3 Rxd1+ 15. Bxd1 h6 16. Bh4 g5 17. Bg3 Nxe4 18. Bxc7 Nxc3 19. Be5 Nxd1 20.
Rxd1 f6 21. Rd7 Re8 22. Bc3 Bb4 23. Bxb4 Rc8 24. g3 Rxc2 25. Rxb7 Rxa2 26. Bc3
a5 27. Bxf6 a4 28. Ra7 g4 29. Rg7+ Kf8 30. Rxg4 Kf7 31. Rf4 Kg6 32. Be5 Re2 33.
Rf6+ Kg5 34. Bc3 Rc2 35. Bd4 a3 36. Ra6 a2 37. Kg2 h5 38. Rb6 Kf5 39. Rb2 Rc4
40. Rb5+ Ke4 41. Ba1 Rc1 42. Bh8 Rc8 43. Rxh5 Rxh8 44. Ra5 Kd3 45. Rxa2 Rf8 46.
Ra3+ Ke2 47. Re3+ Kd2 48. Re7 Kd1 49. f4 Kd2 50. h4 Kd3 51. h5 Rh8 52. g4 Kd4
53. f5 Kd5 54. f6 Kd6 1-0

[Event "Tournoi Skype 031A"]
[Site "Skype"]
[Date "????.??.??"]
[Round "1.36"]
[White "Escudero Ocana, Francisco"]
[Black "Kumbhar, Ashok"]
[Result "0-1"]
[WhiteElo "1393"]
[BlackElo "1100"]
[PlyCount "90"]

1. e4 e5 2. Nf3 Nc6 3. Bb5 Nf6 4. d3 h6 5. Be3 a6 6. Ba4 b5 7. Bb3 Na5 8. Nxe5
Nxb3 9. axb3 d6 10. Nf3 Be7 11. b4 Ng4 12. Bd4 O-O 13. O-O c6 14. Re1 Re8 15.
h3 Nf6 16. e5 dxe5 17. Bxe5 Bxb4 18. c3 Bd6 19. Bd4 Rxe1+ 20. Qxe1 Bf5 21. Qe3
Nd5 22. Qe2 Nf4 23. Qd2 Nxd3 24. g4 Bf4 25. Be3 Bxe3 26. Qxe3 Bg6 27. Nbd2 Nxb2
28. Ne5 Qd6 29. Ndf3 Re8 30. Qd4 Qxd4 31. cxd4 Ra8 32. Nxc6 Be4 33. Nfe5 f6 34.
Ne7+ Kh7 35. N5c6 Nc4 36. d5 a5 37. Rd1 a4 38. d6 Ne5 39. Nxe5 fxe5 40. Re1 Bc2
41. Rxe5 a3 42. g5 a2 43. gxh6 a1=Q+ 44. Kg2 Qxe5 45. hxg7 Qxg7+ 0-1

[Event "Tournoi Skype 031A"]
[Site "Skype"]
[Date "????.??.??"]
[Round "1.37"]
[White "De Fazio, Monica"]
[Black "Zenini, Simone"]
[Result "0-1"]
[WhiteElo "1020"]
[BlackElo "1392"]
[PlyCount "50"]

1. d4 d5 2. Nf3 Nf6 3. c4 e6 4. g3 Nbd7 5. b3 c6 6. Bg2 dxc4 7. bxc4 Be7 8. Bb2
Qb6 9. Qc2 O-O 10. O-O c5 11. d5 exd5 12. cxd5 Nxd5 13. Ne5 N5f6 14. Nd2 Qc7
15. Ne4 Nxe5 16. Nxf6+ Bxf6 17. Rac1 Be7 18. Bd4 Nd7 19. Bh3 b6 20. Qc3 Bf6 21.
Bxf6 Nxf6 22. Bg2 Bb7 23. Bxb7 Qxb7 24. Rfd1 Rfe8 25. Rd2 Ne4 0-1

[Event "Tournoi Skype 031A"]
[Site "Skype"]
[Date "????.??.??"]
[Round "2.1"]
[White "Karia, Vijay"]
[Black "Gonto, Peled"]
[Result "0-1"]
[WhiteElo "1447"]
[BlackElo "1834"]
[PlyCount "96"]

1. e4 c5 2. Nc3 e6 3. f4 d5 4. e5 Nc6 5. Nf3 Nge7 6. Bb5 Bd7 7. Bxc6 Bxc6 8. d4
cxd4 9. Nxd4 Ng6 10. O-O Bc5 11. Kh1 Qb6 12. Nxc6 Qxc6 13. a3 O-O 14. Qe1 Rfc8
15. Ne2 b5 16. c3 a5 17. h4 Rab8 18. Bd2 Qb6 19. h5 Nf8 20. b4 axb4 21. axb4
Be3 22. Ng3 Bxd2 23. Qxd2 Qc6 24. Rf3 Nd7 25. Re1 Nb6 26. f5 Nc4 27. Qg5 Qe8
28. f6 Qf8 29. Ne2 Rc7 30. Rg3 g6 31. Nd4 h6 32. Qg4 g5 33. Nb3 Ra8 34. Nd4 Rb8
35. Qe2 Rb6 36. Nb3 Ra6 37. Nd4 Qb8 38. Rf3 Rca7 39. Rf2 Qb6 40. Qf1 Ra3 41.
Rc2 Rxc3 42. Rxc3 Qxd4 43. Rh3 Ra2 44. Re2 Nd2 45. Qf2 Ra1+ 46. Kh2 Nf1+ 47.
Kg1 Ng3+ 48. Re1 Rxe1+ 0-1

[Event "Tournoi Skype 031A"]
[Site "Skype"]
[Date "????.??.??"]
[Round "2.2"]
[White "Hahnewald, Uwe"]
[Black "Bagayatkar, Madan"]
[Result "0-1"]
[WhiteElo "1806"]
[BlackElo "1434"]
[PlyCount "82"]

1. d4 d5 2. c4 e6 3. Nc3 Nf6 4. cxd5 exd5 5. Bg5 Nbd7 6. e3 c6 7. Bd3 Be7 8.
Qc2 Nf8 9. Nge2 Ne6 10. Bh4 h6 11. O-O O-O 12. f3 Nh5 13. Bxe7 Qxe7 14. Rad1
Ng5 15. e4 dxe4 16. fxe4 Bg4 17. Rde1 Bxe2 18. Qxe2 g6 19. e5 Rad8 20. Qe3 Kh7
21. a3 Ne6 22. Ne2 Rd7 23. g4 Nhg7 24. Rf6 c5 25. d5 Rxd5 26. Qe4 Rfd8 27. Rxg6
fxg6 28. Qxg6+ Kg8 29. Qh7+ Kf8 30. Qh8+ Kf7 31. Rf1+ Nf4 32. Rxf4+ Ke6 33.
Qxh6+ Kd7 34. Qg6 Kc8 35. Rf7 Qxe5 36. Qxg7 Qxg7 37. Rxg7 Rxd3 38. h4 Rd2 39.
Kf1 Rxb2 40. h5 Rd1+ 41. Kf2 Rh1 0-1

[Event "Tournoi Skype 031A"]
[Site "Skype"]
[Date "????.??.??"]
[Round "2.3"]
[White "Gokcek, Cagri"]
[Black "Segura Lozano, Marcos Antonio"]
[Result "1-0"]
[WhiteElo "1434"]
[BlackElo "1804"]
[PlyCount "115"]

1. e4 c6 2. d4 d5 3. exd5 cxd5 4. Bd3 Nf6 5. c3 g6 6. Nf3 Bg7 7. h3 O-O 8. Be3
Nc6 9. Nbd2 a6 10. O-O Qc7 11. Rc1 Be6 12. Nb3 Rad8 13. Nc5 Bc8 14. Qd2 Nd7 15.
Nxd7 Rxd7 16. Rfe1 e5 17. dxe5 Nxe5 18. Nxe5 Bxe5 19. Bh6 Bg7 20. Bc2 Rdd8 21.
Bxg7 Kxg7 22. Qd4+ Kg8 23. Bb3 Be6 24. Re5 Rfe8 25. Bxd5 Rxd5 26. Rxd5 Bxd5 27.
Qxd5 Rd8 28. Qb3 Rd2 29. Re1 Qf4 30. Qb6 h5 31. Rf1 Qe4 32. a3 Kg7 33. b4 g5
34. Rc1 h4 35. Qc5 Qf4 36. Rf1 Rd3 37. Re1 f6 38. Qe7+ Kh6 39. Qf8+ Kg6 40.
Qg8+ Kh6 41. Qf8+ Kg6 42. Qe8+ Kh6 43. Qc8 Rd2 44. Rf1 Rc2 45. Qxb7 Rxc3 46.
Qxa6 g4 47. hxg4 h3 48. Qa8 hxg2 49. Qh8+ Kg6 50. Qe8+ Kg7 51. Re1 Rc1 52. Rxc1
Qxc1+ 53. Kxg2 Qxa3 54. Qe7+ Kg6 55. f3 Qb2+ 56. Kg3 Qc3 57. b5 Qe1+ 58. Qxe1
1-0

[Event "Tournoi Skype 031A"]
[Site "Skype"]
[Date "????.??.??"]
[Round "2.4"]
[White "Vasquez, Georges"]
[Black "Engstrom, Olle"]
[Result "1-0"]
[WhiteElo "1796"]
[BlackElo "1430"]
[PlyCount "81"]

1. d4 Nf6 2. Bf4 c5 3. d5 d6 4. c4 g6 5. g3 Bg7 6. Nf3 O-O 7. Nc3 Na6 8. e4 Nh5
9. Be3 Nc7 10. Bg2 b6 11. O-O a6 12. a4 Rb8 13. Qd2 Re8 14. Bh6 Bh8 15. Rfe1 b5
16. axb5 axb5 17. cxb5 Nxb5 18. e5 dxe5 19. Nxb5 Rxb5 20. Nxe5 Bxe5 21. Rxe5
Qd6 22. Rae1 Bb7 23. Qe2 Rb4 24. Rxe7 Rxe7 25. Qxe7 Qxe7 26. Rxe7 Nf6 27. d6
Bxg2 28. Kxg2 Rb8 29. Rc7 Ne8 30. Rxc5 Nxd6 31. Bf4 Ne4 32. Bxb8 Nxc5 33. b4
Nd7 34. Bc7 Kf8 35. Kf3 f5 36. b5 Ke7 37. b6 Nc5 38. Kf4 Nb7 39. Kg5 Kf7 40.
Kh6 Kg8 41. h4 1-0

[Event "Tournoi Skype 031A"]
[Site "Skype"]
[Date "????.??.??"]
[Round "2.5"]
[White "Zenini, Simone"]
[Black "Deville, Olivier"]
[Result "0-1"]
[WhiteElo "1392"]
[BlackElo "1751"]
[PlyCount "59"]

1. d4 Nf6 2. c4 e6 3. Nc3 Bb4 4. e3 O-O 5. Bd3 d5 6. Nf3 c5 7. O-O Bxc3 8. bxc3
Qc7 9. cxd5 exd5 10. Ba3 b6 11. h3 Re8 12. Qc2 h6 13. Rfe1 c4 14. Be2 Ne4 15.
Nd2 Bf5 16. Nxe4 Bxe4 17. Qd2 Nd7 18. f3 Bf5 19. Bd1 Re6 20. Bc2 Bxc2 21. Qxc2
Rg6 22. Qf2 Nf6 23. e4 Qd7 24. e5 Nh7 25. Kh2 Ng5 26. Bc1 Ne6 27. f4 Nc7 28.
Bd2 b5 29. Re3 a5 30. f5 0-1

[Event "Tournoi Skype 031A"]
[Site "Skype"]
[Date "????.??.??"]
[Round "2.6"]
[White "Gadow, Martin"]
[Black "Rico Hernandez, Edgar"]
[Result "0-1"]
[WhiteElo "1342"]
[BlackElo "1701"]
[PlyCount "126"]

1. d4 d5 2. Bf4 Nf6 3. Nf3 c5 4. c3 Nc6 5. e3 Qb6 6. Qc2 Bg4 7. dxc5 Qxc5 8.
Nbd2 Rc8 9. Nb3 Qb6 10. Be2 e6 11. O-O Bf5 12. Qd1 Be7 13. Nfd4 Bg6 14. Nxc6
bxc6 15. Qd4 O-O 16. Qxb6 axb6 17. Ba6 Rce8 18. Nd4 Nh5 19. Nxc6 Nxf4 20. Nxe7+
Rxe7 21. exf4 Ra8 22. Be2 Rea7 23. a3 Ra4 24. g3 Rc8 25. Bb5 Ra7 26. Rfd1 Bc2
27. Rd4 g6 28. Rc1 Be4 29. Rcd1 Bf3 30. Re1 Be4 31. Re3 Ra5 32. Bd3 Bxd3 33.
Rexd3 b5 34. g4 Rc4 35. f5 Kg7 36. fxe6 fxe6 37. Rxc4 bxc4 38. Re3 Ra6 39. g5
Rb6 40. Re2 Kf7 41. Kf1 Rb8 42. Ke1 Ke7 43. Kd1 Rf8 44. Re3 Rxf2 45. Rh3 Rf7
46. Kc2 Kd6 47. b4 cxb3+ 48. Kxb3 Kc5 49. Rh4 e5 50. Kc2 e4 51. a4 Kc4 52. Kd2
Ra7 53. Ke3 Kxc3 54. Kf4 Re7 55. Rh3+ Kb4 56. Ke3 Kc5 57. Rg3 d4+ 58. Kd2 Kc4
59. h4 e3+ 60. Ke1 d3 61. Rg4+ Kc3 62. a5 e2 63. a6 d2+ 0-1

[Event "Tournoi Skype 031A"]
[Site "Skype"]
[Date "????.??.??"]
[Round "2.7"]
[White "Calcino, Luis"]
[Black "Junqueira, Leonardo De Faria"]
[Result "1-0"]
[WhiteElo "1680"]
[BlackElo "1408"]
[PlyCount "75"]

1. e4 d5 2. exd5 Qxd5 3. Nc3 Qa5 4. d4 Nf6 5. Bc4 c6 6. Bd2 Qc7 7. Qe2 Bg4 8.
f3 Bf5 9. Bg5 Nbd7 10. Ne4 Bxe4 11. fxe4 e6 12. Nf3 h6 13. Bh4 Qb6 14. c3 Be7
15. O-O-O O-O-O 16. Ne5 Nxe5 17. dxe5 Ng8 18. Rxd8+ Bxd8 19. Bf2 Qa5 20. Bg3
Ne7 21. Qf2 Rf8 22. Bxe6+ Kb8 23. Bxf7 Bc7 24. e6 Qxa2 25. Bxc7+ Kxc7 26. Qg3+
Kc8 27. Qd3 Qa1+ 28. Qb1 Qxb1+ 29. Kxb1 Rd8 30. Kc2 Rd6 31. Rf1 g5 32. Rf6 Rd8
33. Rxh6 Ng8 34. Rg6 Rf8 35. Rxg8 Rxg8 36. Bxg8 Kd8 37. Kd3 c5 38. Kc4 1-0

[Event "Tournoi Skype 031A"]
[Site "Skype"]
[Date "????.??.??"]
[Round "2.8"]
[White "Elias, Roberto"]
[Black "Alarcon Alarcon, Florentina"]
[Result "1-0"]
[WhiteElo "1671"]
[BlackElo "1397"]
[PlyCount "83"]

1. c4 e5 2. Nc3 Nf6 3. g3 d5 4. cxd5 Nxd5 5. Bg2 Nxc3 6. bxc3 Bc5 7. e3 O-O 8.
Ne2 Re8 9. d4 exd4 10. cxd4 Bb6 11. a4 Ba5+ 12. Bd2 c6 13. O-O Bxd2 14. Qxd2
Nd7 15. Rfb1 Nf6 16. Nc3 Qc7 17. e4 Bg4 18. Rb2 Rad8 19. Rab1 b6 20. a5 b5 21.
f3 Bc8 22. Ne2 a6 23. Rc1 Bb7 24. Rbc2 Qd6 25. Rc5 Nd7 26. Rh5 h6 27. g4 c5 28.
g5 c4 29. gxh6 g6 30. Qg5 Qf6 31. Qg3 Kh7 32. e5 Qe7 33. f4 Bxg2 34. Qxg2 Rg8
35. Rh3 Nb8 36. Kh1 Qc7 37. d5 Qxa5 38. Nd4 Qb6 39. Nf3 Rd7 40. Ng5+ Kh8 41. e6
fxe6 42. Qb2+ 1-0

[Event "Tournoi Skype 031A"]
[Site "Skype"]
[Date "????.??.??"]
[Round "2.9"]
[White "Thavorath, Nirandas"]
[Black "Lambert, Pierre"]
[Result "0-1"]
[WhiteElo "1335"]
[BlackElo "1660"]
[PlyCount "62"]

1. e4 c5 2. Nf3 Nc6 3. Bc4 e6 4. O-O d6 5. d4 cxd4 6. Nxd4 Nf6 7. Bb5 Bd7 8.
Nc3 Be7 9. Nxc6 bxc6 10. Bd3 e5 11. f4 Qb6+ 12. Kh1 Ng4 13. Qe1 O-O 14. f5 Nf6
15. Qg3 Rfe8 16. Be2 d5 17. Bh6 Bf8 18. Bg5 Be7 19. Bxf6 Bxf6 20. exd5 e4 21.
Rad1 Qxb2 22. dxc6 Bxc6 23. Rd6 Be5 24. Qxe5 Rxe5 25. Rxc6 Qb7 26. Ra6 Rc8 27.
Rd6 h6 28. f6 g6 29. Ba6 Qb4 30. Bxc8 Qxd6 31. Rd1 Qxf6 0-1

[Event "Tournoi Skype 031A"]
[Site "Skype"]
[Date "????.??.??"]
[Round "2.10"]
[White "Lopez, Jose Luis"]
[Black "Vasquez Cienfuegos, Oscar"]
[Result "1-0"]
[WhiteElo "1651"]
[BlackElo "1389"]
[PlyCount "39"]

1. e4 Nf6 2. Nc3 d6 3. d4 Bg4 4. f3 Bc8 5. Bc4 g6 6. Be3 Bg7 7. Qd2 O-O 8. Nge2
Nc6 9. Bh6 a6 10. h4 b5 11. Bb3 Bb7 12. h5 Na5 13. hxg6 Nxb3 14. gxh7+ Nxh7 15.
axb3 f5 16. Bxg7 Rf7 17. Rxh7 Rxg7 18. Rxg7+ Kxg7 19. Qg5+ Kh8 20. O-O-O 1-0

[Event "Tournoi Skype 031A"]
[Site "Skype"]
[Date "????.??.??"]
[Round "2.11"]
[White "Garcia Andrinal, Antonio"]
[Black "Yeter, Orhan"]
[Result "1/2-1/2"]
[WhiteElo "1632"]
[BlackElo "1297"]
[PlyCount "49"]

1. e4 e5 2. Nf3 Nc6 3. Bc4 Bc5 4. c3 Nf6 5. d4 exd4 6. cxd4 Bb4+ 7. Nc3 O-O 8.
O-O Bxc3 9. bxc3 Nxe4 10. d5 Na5 11. Bd3 Nf6 12. Bc2 Nc4 13. Qd3 b5 14. Bg5 g6
15. Qd4 Kg7 16. Qh4 Re8 17. Rfe1 Rxe1+ 18. Rxe1 Nd6 19. Bh6+ Kg8 20. Nd2 Bb7
21. Bg5 Kg7 22. Qh6+ Kg8 23. Qh4 Kg7 24. Qh6+ Kg8 25. Qh4 1/2-1/2

[Event "Tournoi Skype 031A"]
[Site "Skype"]
[Date "????.??.??"]
[Round "2.12"]
[White "Le Brun, Yves"]
[Black "Calderon, Francisco"]
[Result "0-1"]
[WhiteElo "1321"]
[BlackElo "1604"]
[PlyCount "76"]

1. d4 Nf6 2. Bf4 d5 3. Nf3 Nc6 4. Nbd2 h6 5. e3 Bf5 6. Be2 Nb4 7. O-O a6 8. a3
Nc6 9. Ne5 Nxe5 10. Bxe5 e6 11. h3 Nd7 12. Bg3 Be7 13. c4 O-O 14. Rc1 c6 15.
Qb3 Qc8 16. cxd5 exd5 17. Bd3 Be6 18. Qc2 f5 19. f4 Rf7 20. Nf3 Bd6 21. Ne5
Bxe5 22. dxe5 Nf8 23. h4 h5 24. Qe2 g6 25. Rf3 Qd7 26. Bf2 Rh7 27. b4 Rc8 28.
Qb2 b5 29. Qd4 Qb7 30. Rc5 Bf7 31. Rg3 Ne6 32. Qc3 Rg7 33. Bxf5 gxf5 34. Rxg7+
Kxg7 35. e4 dxe4 36. Qg3+ Kh7 37. Rc1 Rg8 38. Qc3 Nxf4 0-1

[Event "Tournoi Skype 031A"]
[Site "Skype"]
[Date "????.??.??"]
[Round "2.13"]
[White "Ram, Madhukesh"]
[Black "Gungor, Gokhan"]
[Result "0-1"]
[WhiteElo "1299"]
[BlackElo "1550"]
[PlyCount "134"]

1. e4 e6 2. d4 d5 3. Nd2 Nf6 4. e5 Nfd7 5. Ngf3 c5 6. c3 Nc6 7. Bd3 Be7 8. O-O
O-O 9. Re1 Qb6 10. a3 cxd4 11. cxd4 Nxd4 12. Nxd4 Qxd4 13. Nf3 Qb6 14. Qa4 Nc5
15. Qc2 Nxd3 16. Qxd3 Bd7 17. Be3 Qd8 18. Rac1 a6 19. Rc3 Bb5 20. Qc2 Rc8 21.
Rc1 Rxc3 22. Qxc3 Bd7 23. Qc7 Bc6 24. Qxd8 Rxd8 25. Nd4 Rc8 26. f4 Bd7 27. Kf2
Rxc1 28. Bxc1 f6 29. b4 Kf7 30. g4 fxe5 31. fxe5 g5 32. Ke3 Kg6 33. Bd2 Bd8 34.
Nb3 b6 35. Nd4 Bc7 36. Nf3 Ba4 37. Ke2 h6 38. Bc3 Bb3 39. Nd2 Bc2 40. Bd4 Kf7
41. Nf1 Ke8 42. Ne3 Be4 43. Nf1 Kd7 44. Nd2 Bc2 45. Nf1 Kc6 46. Ng3 Bg6 47. Kd2
Kb5 48. Kc3 Ka4 49. Kb2 Kb5 50. Kc3 Bd8 51. Nf1 a5 52. Ne3 axb4+ 53. axb4 Be7
54. Kb3 Bxb4 55. Bxb6 Bc5 56. Bxc5 Kxc5 57. Ng2 d4 58. Ne1 Kd5 59. Kb4 Kxe5 60.
Kc4 Ke4 61. Nd3 Bf7 62. Ne1 e5+ 63. Kb4 Ke3 64. h4 d3 65. Kc3 e4 66. Ng2+ Kf2
67. Nf4 gxf4 0-1

[Event "Tournoi Skype 031A"]
[Site "Skype"]
[Date "????.??.??"]
[Round "2.14"]
[White "Casey, Eamonn"]
[Black "Chavero, Victor"]
[Result "1/2-1/2"]
[WhiteElo "1538"]
[BlackElo "1281"]
[PlyCount "55"]

1. d4 Nf6 2. c4 d5 3. Nc3 Bf5 4. Bg5 Nbd7 5. Nf3 h6 6. Bh4 c6 7. e3 e6 8. cxd5
cxd5 9. h3 Be7 10. Bg3 O-O 11. Bd3 Bxd3 12. Qxd3 a6 13. O-O Qb6 14. b3 Rac8 15.
Rac1 Bb4 16. Rc2 Rxc3 17. Rxc3 Bxc3 18. Qxc3 Ne4 19. Qc2 Nxg3 20. fxg3 Qd6 21.
g4 Nb6 22. Ne5 f6 23. Ng6 Rc8 24. Qf2 Nd7 25. Qf4 Qxf4 26. Nxf4 Nf8 27. Rf3 Rc3
28. Rf1 1/2-1/2

[Event "Tournoi Skype 031A"]
[Site "Skype"]
[Date "????.??.??"]
[Round "2.15"]
[White "Lovell, Stan"]
[Black "Morales Terreros, Jose Luis"]
[Result "1-0"]
[WhiteElo "1518"]
[BlackElo "1231"]
[PlyCount "109"]

1. d4 Nf6 2. Nc3 g6 3. e4 d6 4. Be2 Nbd7 5. Nf3 Bg7 6. Bf4 O-O 7. Qd2 Re8 8. h4
e5 9. dxe5 Nxe5 10. O-O-O Nh5 11. Bg5 f6 12. Nxe5 Rxe5 13. Be3 f5 14. exf5 Bxf5
15. g4 Be4 16. Nxe4 Rxe4 17. Qd5+ Kh8 18. Qxe4 Nf6 19. Qd3 Qg8 20. Qb3 Qc8 21.
h5 Nxg4 22. hxg6 h6 23. Bxg4 Qxg4 24. Rdg1 Qf3 25. Rxh6+ Bxh6 26. g7+ Bxg7 27.
Rxg7 Qh1+ 28. Kd2 Kxg7 29. Bd4+ Kf8 30. Qg3 Qh6+ 31. Be3 Qe6 32. Qf3+ Ke7 33.
Qxb7 Rc8 34. Qxa7 Qd5+ 35. Ke2 Kd7 36. Qa4+ Ke6 37. Qg4+ Qf5 38. Qc4+ Qd5 39.
Qg4+ Qf5 40. Qxf5+ Kxf5 41. a4 c5 42. b3 Rf8 43. Kd3 Ke5 44. Kc4 Rb8 45. c3 Ke4
46. b4 cxb4 47. cxb4 Rc8+ 48. Kb3 Kd3 49. a5 Rc3+ 50. Ka4 Kc4 51. a6 Rb3 52. a7
Rxb4+ 53. Ka3 Rb1 54. Ka2 Re1 55. a8=Q 1-0

[Event "Tournoi Skype 031A"]
[Site "Skype"]
[Date "????.??.??"]
[Round "2.16"]
[White "Kumbhar, Ashok"]
[Black "Saponara, Jose Maria"]
[Result "0-1"]
[WhiteElo "1100"]
[BlackElo "1516"]
[PlyCount "38"]

1. d4 Nf6 2. Bf4 b6 3. Nf3 Bb7 4. g3 d6 5. Bg2 Nbd7 6. O-O h6 7. Bc1 e6 8. Nc3
Be7 9. Bd2 O-O 10. e4 Nxe4 11. Nxe4 Bxe4 12. Re1 Bb7 13. Be3 Nf6 14. Qd2 Ng4
15. c3 Rc8 16. h3 Nxe3 17. Rxe3 c5 18. Rae1 Bxf3 19. Bxf3 Bg5 0-1

[Event "Tournoi Skype 031A"]
[Site "Skype"]
[Date "????.??.??"]
[Round "2.17"]
[White "Grosso, Raul"]
[Black "Khunte, Aniruddha"]
[Result "1-0"]
[WhiteElo "1746"]
[BlackElo "1174"]
[PlyCount "42"]

1. d4 Nf6 2. Bf4 g6 3. Nc3 Bg7 4. e4 d6 5. Qd2 O-O 6. O-O-O Re8 7. Bh6 e5 8. d5
Nbd7 9. f3 Nb6 10. h4 Bd7 11. g4 a5 12. h5 a4 13. hxg6 fxg6 14. Bxg7 Kxg7 15.
Qh6+ Kg8 16. Nge2 Ra5 17. Ng3 Qe7 18. g5 Nh5 19. Nxh5 gxh5 20. g6 hxg6 21. Rg1
Kf7 1-0

[Event "Tournoi Skype 031A"]
[Site "Skype"]
[Date "????.??.??"]
[Round "2.19"]
[White "Graham, Neil"]
[Black "Hadla, Mohammad Ali"]
[Result "0-1"]
[WhiteElo "1285"]
[BlackElo "1470"]
[PlyCount "58"]

1. d4 Nf6 2. c4 e5 3. dxe5 Ng4 4. Nf3 Bc5 5. e3 Nc6 6. Be2 O-O 7. O-O Re8 8. a3
Ngxe5 9. b4 Bd6 10. c5 Nxf3+ 11. Bxf3 Bxh2+ 12. Kxh2 Qh4+ 13. Kg1 Ne5 14. g3
Qf6 15. Bg2 Nf3+ 16. Bxf3 Qxa1 17. Qc2 Qf6 18. Be4 d6 19. Bxh7+ Kh8 20. Bb2 Qh6
21. Bf5 Bxf5 22. Qxf5 dxc5 23. Qxc5 c6 24. Kg2 Qg6 25. Rh1+ Kg8 26. Nd2 Rad8
27. Nf3 b6 28. Qc3 Rd3 29. Rh4 Rxc3 0-1

[Event "Tournoi Skype 031A"]
[Site "Skype"]
[Date "????.??.??"]
[Round "2.20"]
[White "Grib, Johannes"]
[Black "Khabou, Taha"]
[Result "0-1"]
[WhiteElo "1407"]
[BlackElo "1358"]
[PlyCount "106"]

1. e4 e6 2. d4 d5 3. e5 c5 4. c3 Nc6 5. Nf3 Qb6 6. Qc2 cxd4 7. cxd4 Nxd4 8.
Nxd4 Qxd4 9. Bb5+ Bd7 10. Bxd7+ Kxd7 11. O-O Qxe5 12. Bd2 Bd6 13. g3 Nf6 14.
Re1 Qh5 15. Qa4+ Ke7 16. h4 Rhc8 17. Bg5 h6 18. Bxf6+ Kxf6 19. Nd2 a6 20. Qd7
Bb4 21. Red1 Bxd2 22. Rxd2 b5 23. Qd6 Qe5 24. Qxe5+ Kxe5 25. b3 Rc6 26. Re1+
Kd6 27. Kg2 Rac8 28. Re3 Rc2 29. Rxc2 Rxc2 30. a4 bxa4 31. bxa4 Ra2 32. Rb3
Rxa4 33. Rb7 Rc4 34. Rxf7 Rc7 35. Rf3 Kc6 36. Re3 Re7 37. f4 a5 38. f5 e5 39.
g4 e4 40. Ra3 Kb5 41. Kf2 a4 42. Ke3 Kb4 43. Ra1 Kb3 44. Rd1 Rd7 45. Kd4 a3 46.
Rb1+ Kc2 47. Rb5 a2 48. Ra5 Kb2 49. Rb5+ Ka1 50. Kc3 d4+ 51. Kb3 Ra7 52. Rc5
Kb1 53. Rc4 a1=Q 0-1

[Event "Tournoi Skype 031A"]
[Site "Skype"]
[Date "????.??.??"]
[Round "2.21"]
[White "Resende, Paulo"]
[Black "Vello, Pablo"]
[Result "0-1"]
[WhiteElo "1881"]
[BlackElo "1190"]
[PlyCount "52"]

1. d4 Nf6 2. c4 e6 3. Nc3 Bb4 4. Bd2 b6 5. Nf3 Bb7 6. e3 O-O 7. Bd3 c5 8. a3
Bxc3 9. bxc3 Nc6 10. Rb1 Ba6 11. Qc2 Na5 12. Qa4 d5 13. Ne5 Qc7 14. cxd5 Bxd3
15. Nxd3 exd5 16. O-O Nc4 17. Bc1 Ne4 18. Rd1 Nxc3 19. Qc2 Nxb1 20. Qxb1 Rab8
21. Re1 Rfe8 22. Qc2 Rbc8 23. Qe2 cxd4 24. Qf3 Re4 25. Re2 Ne5 26. Nxe5 Qxc1+
0-1

[Event "Tournoi Skype 031A"]
[Site "Skype"]
[Date "????.??.??"]
[Round "2.22"]
[White "Marino, Giuseppe"]
[Black "Lucena Vaz, Jose"]
[Result "1/2-1/2"]
[WhiteElo "1335"]
[BlackElo "1674"]
[PlyCount "76"]

1. e4 c5 2. Nf3 g6 3. c3 Bg7 4. Be2 Nc6 5. d3 d5 6. exd5 Qxd5 7. O-O Bf5 8. Re1
Rd8 9. Be3 b6 10. Na3 Bxd3 11. Bxd3 Qxd3 12. Qa4 Qd7 13. Red1 Qb7 14. Rxd8+
Kxd8 15. Qb3 e6 16. Bxc5 Na5 17. Rd1+ Kc8 18. Qb5 Qc6 19. Qxc6+ Nxc6 20. Be3
Nge7 21. Nc4 Nd5 22. Nd6+ Kc7 23. Nxf7 Rf8 24. N7g5 Nd8 25. Nxe6+ Nxe6 26. Rxd5
Kc6 27. Rd2 Nc7 28. Nd4+ Kb7 29. Nf3 Kc6 30. Rd3 Ne6 31. Nd4+ Nxd4 32. Bxd4 Rd8
33. Kf1 Bxd4 34. cxd4 Kd5 35. Ke2 Rc8 36. Kd2 Rc7 37. Rc3 Rf7 38. f3 Kxd4
1/2-1/2

[Event "Tournoi Skype 031A"]
[Site "Skype"]
[Date "????.??.??"]
[Round "2.24"]
[White "Davis, Michael"]
[Black "Thoune, Jim"]
[Result "0-1"]
[WhiteElo "1308"]
[BlackElo "1598"]
[PlyCount "68"]

1. d4 Nf6 2. c4 e6 3. Nc3 Bb4 4. Bg5 O-O 5. Nf3 d6 6. e3 Nbd7 7. Bd3 h6 8. Bh4
c5 9. O-O Bxc3 10. bxc3 Qc7 11. Qc2 b6 12. e4 Bb7 13. Rfe1 e5 14. d5 Kh8 15.
Qd2 Rad8 16. Bg3 Nh5 17. Nh4 Nxg3 18. hxg3 Nf6 19. Nf5 Kh7 20. f3 Bc8 21. g4
Bxf5 22. gxf5 Qe7 23. f4 Rh8 24. fxe5 Qxe5 25. Qe2 Qxc3 26. Kf1 h5 27. e5 Rde8
28. e6 Ng4 29. f6+ g6 30. Bxg6+ fxg6 31. f7 Rhf8 32. Qd1 Qxc4+ 33. Kg1 Re7 34.
Re2 Qf4 0-1

[Event "Tournoi Skype 031A"]
[Site "Skype"]
[Date "????.??.??"]
[Round "2.25"]
[White "Lopes, Marcia Maria"]
[Black "Sanchez Ruiz, Justo"]
[Result "0-1"]
[WhiteElo "1297"]
[BlackElo "1519"]
[PlyCount "62"]

1. d4 e6 2. Bf4 f5 3. Nf3 d6 4. e3 Nf6 5. h3 Be7 6. Bd3 b6 7. O-O Bb7 8. c3 O-O
9. Re1 Ne4 10. Nbd2 g5 11. Bg3 Nxg3 12. fxg3 g4 13. hxg4 fxg4 14. Nh4 Bxh4 15.
Qxg4+ Bg5 16. Qxe6+ Kh8 17. Qh3 Qe7 18. Re2 Nd7 19. Rae1 Qg7 20. Ne4 Bxe4 21.
Bxe4 Rae8 22. Bc2 Nf6 23. Rf2 Rxe3 24. Ref1 Ree8 25. g4 Be3 26. Bf5 Qg5 27. Kh2
Bxf2 28. Rxf2 Re3 29. g3 h6 30. Qh4 Qxh4+ 31. gxh4 Nxg4+ 0-1

[Event "Tournoi Skype 031A"]
[Site "Skype"]
[Date "????.??.??"]
[Round "2.26"]
[White "Sharma, Mayank"]
[Black "Garcia De La Calva, Juan Ramon"]
[Result "0-1"]
[WhiteElo "1509"]
[BlackElo "1337"]
[PlyCount "56"]

1. e4 d5 2. exd5 Nf6 3. Nc3 Nxd5 4. Bc4 e6 5. Nf3 Be7 6. d4 O-O 7. Nxd5 exd5 8.
Bd3 Re8 9. O-O Nc6 10. c3 Bg4 11. Bf4 Bd6 12. Bxh7+ Kxh7 13. Ng5+ Qxg5 14. Bxg5
Bxd1 15. Raxd1 Kg6 16. Bc1 Re2 17. f4 Rae8 18. f5+ Kh5 19. a4 a6 20. f6 g6 21.
Bd2 b5 22. axb5 axb5 23. Rf3 Na5 24. Kf1 Nc4 25. Bc1 Nxb2 26. Rd2 Re1+ 27. Kf2
Nd1+ 28. Rxd1 R8e2# 0-1

[Event "Tournoi Skype 031A"]
[Site "Skype"]
[Date "????.??.??"]
[Round "2.27"]
[White "Alvarez, Juan Evangelista"]
[Black "Mishra, Sourabh"]
[Result "1-0"]
[WhiteElo "1474"]
[BlackElo "1335"]
[PlyCount "31"]

1. d4 Nf6 2. f4 d5 3. Nf3 e6 4. e3 c5 5. b3 cxd4 6. exd4 Bd6 7. Ne5 O-O 8. Bd3
Nc6 9. O-O a6 10. Rf3 Ne7 11. Rh3 Nf5 12. g4 Ne7 13. g5 Bxe5 14. gxf6 Bxf6 15.
Bxh7+ Kh8 16. Qh5 1-0

[Event "Tournoi Skype 031A"]
[Site "Skype"]
[Date "????.??.??"]
[Round "2.28"]
[White "Quispe, Alberto"]
[Black "Hague, Mark"]
[Result "1-0"]
[WhiteElo "1414"]
[BlackElo "1324"]
[PlyCount "97"]

1. e4 c6 2. d4 d5 3. e5 Bf5 4. Bd3 Bxd3 5. Qxd3 e6 6. Nf3 Nd7 7. Nc3 c5 8. dxc5
Bxc5 9. Bg5 Ne7 10. O-O h6 11. Be3 Bxe3 12. Qxe3 Ng6 13. Qd4 a6 14. Rfe1 O-O
15. Rad1 Qc7 16. h4 h5 17. Rd2 b5 18. a3 Rac8 19. Re3 Qc4 20. Ne2 Qxd4 21.
Nexd4 Rc4 22. b3 Rc7 23. c3 Rfc8 24. Rc2 Nc5 25. Nd2 Ne7 26. g3 g6 27. Kg2 Nc6
28. N2f3 Nd7 29. c4 Nxd4 30. Nxd4 bxc4 31. bxc4 dxc4 32. f4 Rb7 33. Rec3 Nb6
34. Kf3 Kf8 35. g4 hxg4+ 36. Kxg4 Kg7 37. Kg5 a5 38. h5 gxh5 39. Kxh5 Rh8+ 40.
Kg4 Kg6 41. f5+ exf5+ 42. Nxf5 Rd7 43. Nd6 Re7 44. Rg2 Rxe5 45. Nxc4 Re4+ 46.
Kf3+ Kf5 47. Nd2 Rh3+ 48. Rg3 Rf4+ 49. Kg2 1-0